[Event "Wch Blitz (Women)"]
[Site "New York"]
[Date "2024.12.30"]
[Round "6"]
[White "Krasteva, Beloslava"]
[Black "Stanford, Sheila Barth"]
[Result "0-1"]
[WhiteElo "2281"]
[BlackElo "2198"]
[PlyCount "88"]
[EventDate "2024.12.30"]
[EventType "swiss (blitz)"]
[EventRounds "11"]
[EventCountry "USA"]
[SourceTitle "CB01_2025"]
[SourceDate "2025.01.01"]
[SourceVersion "1"]
[SourceVersionDate "2025.01.01"]
[SourceQuality "1"]

1. d4 g6 2. c4 Bg7 3. e4 c6 4. Nc3 d6 5. h3 e5 6. d5 Nf6 7. Nf3 0-0 8. Be3 a5 9. g4 Na6 10. Nd2 Rb8 11. Be2 Ne8 12. h4 f5 13. gxf5 gxf5 14. exf5 Bxf5 15. h5 Nc5 16. h6 Bf6 17. Rg1+ Kh8 18. Bxc5 dxc5 19. Nde4 Bh4 20. dxc6 bxc6 21. Qxd8 Rxd8 22. Rh1 Be7 23. Rd1 Rb8 24. b3 Nf6 25. f3 Bg6 26. Nxf6 Bxf6 27. Rd6 Bg5 28. Rxc6 Rbd8 29. Kf2 Bd2 30. Nd5 e4 31. Kg2 exf3+ 32. Bxf3 Rf5 33. Rf1 Rg5+ 34. Kh1 Rf8 35. Ne7 Rg3 36. Nxg6+ hxg6 37. Bg2 Rxf1+ 38. Bxf1 Be3 39. Bg2 Kh7 40. Ra6 Bd2 41. Rc6 Bb4 42. Rd6 Kxh6 43. Rd5 Rc3 44. Rd2 Rc1+ 0-1

[Event "Wch Blitz (Women)"]
[Site "New York"]
[Date "2024.12.30"]
[Round "5"]
[White "Stanford, Sheila Barth"]
[Black "Nurgaliyeva, Zarina"]
[Result "1/2-1/2"]
[WhiteElo "2198"]
[BlackElo "2263"]
[PlyCount "90"]
[EventDate "2024.12.30"]
[EventType "swiss (blitz)"]
[EventRounds "11"]
[EventCountry "USA"]
[SourceTitle "CB01_2025"]
[SourceDate "2025.01.01"]
[SourceVersion "1"]
[SourceVersionDate "2025.01.01"]
[SourceQuality "1"]

1. f4 d5 2. Nf3 c5 3. e3 Nc6 4. Bb5 Nf6 5. b3 e6 6. Bxc6+ bxc6 7. Bb2 Be7 8. 0-0 0-0 9. Ne5 Qc7 10. d3 a5 11. a4 Ne8 12. Nd2 f6 13. Nef3 Nd6 14. c4 Nf7 15. Rc1 e5 16. fxe5 fxe5 17. e4 d4 18. Qe1 Bf6 19. Ba3 Qd6 20. Nh4 Bg5 21. Nf5 Bxf5 22. exf5 Be3+ 23. Kh1 Qh6 24. Rd1 Nd6 25. Bxc5 Rxf5 26. Bxd6 Bxd2 27. Qe2 Bf4 28. g3 Qxd6 29. gxf4 exf4 30. Rde1 Rf6 31. Qe7 Raf8 32. Qxd6 Rxd6 33. Re5 h6 34. Rxa5 g5 35. Kg2 Rb8 36. Rb1 Re6 37. Kf3 Re3+ 38. Kg4 Rxd3 39. Kh5 Rh3+ 40. Kg6 f3 41. Ra7 Rf8 42. Rg7+ Kh8 43. Rh7+ Kg8 44. Rg7+ Kh8 45. Rh7+ Kg8 1/2-1/2

[Event "Wch Blitz (Women)"]
[Site "New York"]
[Date "2024.12.30"]
[Round "1"]
[White "Stanford, Sheila Barth"]
[Black "Tsolakidou, Stavroula"]
[Result "0-1"]
[WhiteElo "2198"]
[BlackElo "2451"]
[PlyCount "58"]
[EventDate "2024.12.30"]
[EventType "swiss (blitz)"]
[EventRounds "11"]
[EventCountry "USA"]
[SourceTitle "CB01_2025"]
[SourceDate "2025.01.01"]
[SourceVersion "1"]
[SourceVersionDate "2025.01.01"]
[SourceQuality "1"]

1. f4 g6 2. Nf3 Bg7 3. e4 c5 4. c3 Nc6 5. Bb5 Nf6 6. Bxc6 bxc6 7. d3 0-0 8. 0-0 d6 9. Kh1 c4 10. Na3 cxd3 11. Qxd3 a5 12. Rd1 Ba6 13. c4 d5 14. exd5 cxd5 15. Ne5 dxc4 16. Qc2 Qc7 17. Be3 Rac8 18. Rac1 e6 19. h3 Nd5 20. Nexc4 Bxc4 21. Nxc4 Qxc4 22. Qxc4 Rxc4 23. Rxc4 Nxe3 24. Rcc1 Bxb2 25. Rb1 Nxd1 26. Rxd1 Rc8 27. Kh2 a4 28. a3 Bxa3 29. Ra1 Rc3 0-1

[Event "Wch Rapid (Women)"]
[Site "New York"]
[Date "2024.12.27"]
[Round "7"]
[White "Stanford, Sheila Barth"]
[Black "Berezovska, Svetlana"]
[Result "1-0"]
[WhiteElo "2103"]
[BlackElo "1850"]
[PlyCount "30"]
[EventDate "2024.12.26"]
[EventType "swiss (rapid)"]
[EventRounds "11"]
[EventCountry "USA"]
[SourceTitle "CB01_2025"]
[SourceDate "2025.01.01"]
[SourceVersion "1"]
[SourceVersionDate "2025.01.01"]
[SourceQuality "1"]

1. f4 d5 2. Nf3 c5 3. e3 Nc6 4. Bb5 Bd7 5. 0-0 Nf6 6. b3 a6 7. Bxc6 Bxc6 8. Ne5 e6 9. d3 Be7 10. Nd2 0-0 11. Nxc6 bxc6 12. Bb2 Qc7 13. Qe2 Rad8 14. e4 d4 15. Nc4 Nd7 1-0

[Event "Olympiad Women-45"]
[Site "Budapest"]
[Date "2024.09.21"]
[Round "10.3"]
[White "Nusrat Jahan, Alo"]
[Black "Stanford, Sheila Barth"]
[Result "0-1"]
[WhiteElo "2033"]
[BlackElo "2175"]
[PlyCount "102"]
[EventDate "2024.09.11"]
[EventType "team-swiss"]
[EventRounds "11"]
[EventCountry "HUN"]
[SourceTitle "EXT 2025"]
[Source "ChessBase"]
[SourceDate "2024.10.14"]
[SourceVersion "1"]
[SourceVersionDate "2024.10.14"]
[SourceQuality "1"]
[WhiteTeam "Bangladesh (W)"]
[BlackTeam "Norway (W)"]
[WhiteTeamCountry "BAN"]
[BlackTeamCountry "NOR"]

1. e4 c6 2. d4 g6 3. Nf3 Bg7 4. Nc3 d5 5. e5 f6 6. h3 Nh6 7. exf6 exf6 8. Bf4 0-0 9. Qd2 Re8+ 10. Be2 Nf7 11. 0-0-0 b5 12. g4 b4 13. Na4 Nd6 14. Bxd6 Qxd6 15. Rde1 Be6 16. Nh4 Nd7 17. f4 Bf7 18. f5 g5 19. Nf3 Re4 20. Bd3 Rxe1+ 21. Rxe1 Re8 22. Rxe8+ Bxe8 23. Qe3 Bf7 24. Nd2 Bf8 25. Nb3 Qh2 26. Nac5 Bd6 27. Ne6 Nf8 28. Nbc5 Nxe6 29. Nxe6 Bf4 30. Nxf4 gxf4 31. Qf3 Qg1+ 32. Kd2 Qxd4 33. c3 Qe5 34. h4 h6 35. Qf2 bxc3+ 36. bxc3 a5 37. a3 Qd6 38. Qb6 f3 39. g5 hxg5 40. hxg5 Qf4+ 41. Qe3 Qxg5 42. Qxg5+ fxg5 43. Ke3 Bh5 44. Ba6 Kg7 45. Bb7 c5 46. Bxd5 Kf6 47. Be4 Ke5 48. Bd3 g4 49. Kf2 Kf4 50. f6 g3+ 51. Kf1 Ke5 0-1

[Event "Olympiad Women-45"]
[Site "Budapest"]
[Date "2024.09.18"]
[Round "7.3"]
[White "Stanford, Sheila Barth"]
[Black "Pallie, Ehsha Mishela"]
[Result "1-0"]
[WhiteElo "2175"]
[BlackElo "1767"]
[PlyCount "121"]
[EventDate "2024.09.11"]
[EventType "team-swiss"]
[EventRounds "11"]
[EventCountry "HUN"]
[SourceTitle "EXT 2025"]
[Source "ChessBase"]
[SourceDate "2024.10.14"]
[SourceVersion "1"]
[SourceVersionDate "2024.10.14"]
[SourceQuality "1"]
[WhiteTeam "Norway (W)"]
[BlackTeam "Sri Lanka (W)"]
[WhiteTeamCountry "NOR"]
[BlackTeamCountry "SRI"]

1. d4 Nf6 2. c4 e6 3. g3 d5 4. Bg2 Be7 5. Nf3 dxc4 6. 0-0 c5 7. dxc5 Qxd1 8. Rxd1 Bxc5 9. Ne5 0-0 10. Nc3 h6 11. a3 Nfd7 12. Nxc4 Nc6 13. b4 Be7 14. Ra2 Nde5 15. Nxe5 Nxe5 16. f4 Nc4 17. Rc2 Nb6 18. Be3 Nc4 19. Bc1 Nb6 20. e4 a5 21. b5 Nc4 22. Bf1 Bc5+ 23. Kh1 Ne3 24. Bxe3 Bxe3 25. Rd3 Ba7 26. e5 f6 27. Bg2 Bb8 28. Na4 Ba7 29. Rcd2 fxe5 30. b6 Bb8 31. Rd8 exf4 32. Rxf8+ Kxf8 33. Rd8+ Ke7 34. Rxc8 fxg3 35. Bxb7 gxh2 36. Bxa8 Bf4 37. b7 g5 38. b8Q Bxb8 39. Rxb8 Kf6 40. Kxh2 Kf5 41. Kg3 h5 42. Rf8+ Ke5 43. Bf3 g4 44. Bd1 Kd4 45. Ra8 e5 46. Rxa5 e4 47. Rxh5 e3 48. Nc3 Kxc3 49. Bxg4 Kd2 50. a4 e2 51. Bxe2 Kxe2 52. a5 Kd3 53. a6 Ke4 54. a7 Kd4 55. a8Q Kc4 56. Qa4+ Kc3 57. Rf5 Kd2 58. Rf3 Ke2 59. Qa2+ Ke1 60. Rb3 Kd1 61. Rb1# 1-0

[Event "Olympiad Women-45"]
[Site "Budapest"]
[Date "2024.09.16"]
[Round "6.21"]
[White "Stanford, Sheila Barth"]
[Black "Geske, Bruna"]
[Result "1-0"]
[WhiteElo "2175"]
[BlackElo "2023"]
[PlyCount "59"]
[EventDate "2024.09.11"]
[EventType "team-swiss"]
[EventRounds "11"]
[EventCountry "HUN"]
[SourceTitle "EXT 2025"]
[Source "ChessBase"]
[SourceDate "2024.10.14"]
[SourceVersion "1"]
[SourceVersionDate "2024.10.14"]
[SourceQuality "1"]
[WhiteTeam "Norway (W)"]
[BlackTeam "Albania (W)"]
[WhiteTeamCountry "NOR"]
[BlackTeamCountry "ALB"]

1. e4 c5 2. Nf3 Nc6 3. Nc3 e5 4. Bc4 Be7 5. d3 d6 6. Nd2 Nf6 7. Nf1 0-0 8. Ne3 Be6 9. 0-0 Na5 10. Bd5 Nxd5 11. exd5 Bd7 12. Ne2 b5 13. f4 f5 14. b3 exf4 15. Nxf4 Bf6 16. Rb1 Re8 17. Kh1 Bd4 18. Qf3 Qe7 19. Ne6 Bxe6 20. dxe6 g6 21. Nd5 Qg7 22. c3 Be5 23. b4 cxb4 24. d4 Bf6 25. Bh6 Qxh6 26. Nxf6+ Kg7 27. Nxe8+ Rxe8 28. cxb4 Nc4 29. Qb7+ Kh8 30. Qxb5 1-0

[Event "Trondheim Lewis op"]
[Site "Trondheim"]
[Date "2024.08.12"]
[Round "7"]
[White "Stanford, Sheila Barth"]
[Black "Haug, Havard"]
[Result "0-1"]
[WhiteElo "2135"]
[BlackElo "2315"]
[PlyCount "168"]
[EventDate "2024.08.06"]
[EventType "swiss"]
[EventRounds "9"]
[EventCountry "NOR"]
[SourceTitle "EXT 2025"]
[Source "ChessBase"]
[SourceDate "2024.10.14"]
[SourceVersion "1"]
[SourceVersionDate "2024.10.14"]
[SourceQuality "1"]

1. e4 c6 2. d4 d5 3. e5 Bf5 4. Nf3 e6 5. Be2 c5 6. 0-0 Nc6 7. Be3 Bg4 8. c4 Nge7 9. dxc5 Bxf3 10. Bxf3 Nxe5 11. cxd5 Nxf3+ 12. Qxf3 Qxd5 13. Qf4 Nf5 14. Nc3 Qc6 15. b4 Be7 16. Rad1 0-0 17. Rd3 Rad8 18. Rfd1 Rxd3 19. Rxd3 Qa6 20. Rd7 Qa3 21. Bd2 Bf6 22. Qc4 Bxc3 23. Qxc3 Qxa2 24. h3 h6 25. Kh2 Re8 26. Qf3 b5 27. c6 Qa6 28. c7 Ne7 29. Bc3 Qc8 30. Qg3 Nf5 31. Qd3 Ne7 32. Be5 Nd5 33. Qxb5 f6 34. Bd6 Nb6 35. Rd8 Rxd8 36. cxd8Q+ Qxd8 37. Qc6 Qc8 38. Qe4 Qd7 39. Bb8 a6 40. Qe2 Nd5 41. Qxa6 Nxb4 42. Qc4 Nd5 43. Qc5 Kf7 44. Bd6 Qb7 45. f4 Qb6 46. f5 Qb7 47. fxe6+ Kxe6 48. Bg3 Kf7 49. Qc4 Qd7 50. Qe4 Kg8 51. Bf2 Qf7 52. g3 Ne7 53. Qa8+ Kh7 54. Qe4+ Kg8 55. Qa8+ Kh7 56. Qe4+ Ng6 57. Bd4 Qa2+ 58. Kg1 Qd2 59. h4 f5 60. Qe3 Qd1+ 61. Kf2 Qg4 62. Be5 Qh3 63. Bd6 Qh2+ 64. Kf1 Nxh4 65. Qd3 Qg2+ 66. Ke1 Nf3+ 67. Kd1 Qg1+ 68. Ke2 Nd4+ 69. Kd2 Qf2+ 70. Kc3 Ne6 71. Qd5 Ng5 72. Bf4 Ne4+ 73. Kb4 Nxg3 74. Qe5 Qb6+ 75. Kc4 Qc6+ 76. Kb3 Nh5 77. Qxf5+ Qg6 78. Qxg6+ Kxg6 79. Bc7 Kf5 80. Kc3 Ke4 81. Kd2 Kf3 82. Bd6 Ng3 83. Bf8 Nf5 84. Ke1 Kg2 0-1

[Event "Trondheim Lewis op"]
[Site "Trondheim"]
[Date "2024.08.08"]
[Round "3"]
[White "Stanford, Sheila Barth"]
[Black "Pantzar, Milton"]
[Result "1/2-1/2"]
[WhiteElo "2135"]
[BlackElo "2450"]
[PlyCount "91"]
[EventDate "2024.08.06"]
[EventType "swiss"]
[EventRounds "9"]
[EventCountry "NOR"]
[SourceTitle "EXT 2025"]
[Source "ChessBase"]
[SourceDate "2024.10.14"]
[SourceVersion "1"]
[SourceVersionDate "2024.10.14"]
[SourceQuality "1"]

1. f4 d5 2. Nf3 Nh6 3. e3 e6 4. b3 Be7 5. Bb2 0-0 6. Be2 c5 7. 0-0 Nc6 8. Ne5 Nxe5 9. fxe5 d4 10. exd4 cxd4 11. Bf3 Bc5 12. Kh1 Rb8 13. a4 b6 14. Na3 Nf5 15. c3 dxc3 16. Bxc3 Qh4 17. Qe1 Qxe1 18. Rfxe1 Bxa3 19. Rxa3 Bb7 20. Bg4 Nh4 21. Re2 Ng6 22. Rf2 Rbc8 23. Ra1 Bd5 24. b4 Rc4 25. Be2 Rf4 26. Kg1 Rc8 27. g3 Rxf2 28. Kxf2 Bc4 29. Bf3 Ne7 30. Be4 Bd5 31. Bd3 Bc4 32. Be4 g5 33. a5 Kg7 34. axb6 axb6 35. Ra7 Nd5 36. Bxd5 Bxd5 37. Ra6 b5 38. Ra5 Bc4 39. Ke3 h5 40. h4 Kg6 41. Bd4 g4 42. Bc5 Rd8 43. Bd6 Rc8 44. Bc5 Rd8 45. Bd6 Rc8 46. Bc5 1/2-1/2

[Event "Reykjavik op"]
[Site "Reykjavik"]
[Date "2024.03.20"]
[Round "8"]
[White "Speck, Stefan"]
[Black "Stanford, Sheila Barth"]
[Result "0-1"]
[WhiteElo "1921"]
[BlackElo "2123"]
[PlyCount "86"]
[EventDate "2024.03.15"]
[EventType "swiss"]
[EventRounds "9"]
[EventCountry "ISL"]
[SourceTitle "CBM 219 Extra"]
[Source "ChessBase"]
[SourceDate "2024.05.31"]
[SourceVersion "1"]
[SourceVersionDate "2024.05.31"]
[SourceQuality "1"]

1. e4 c5 2. d3 g6 3. Be2 Bg7 4. f4 d5 5. Nf3 Nc6 6. c3 Nf6 7. e5 Ng8 8. d4 cxd4 9. Nxd4 e6 10. Nb5 Bf8 11. Be3 a6 12. Nd4 Nge7 13. Nxc6 Nxc6 14. 0-0 Be7 15. Nd2 f6 16. Nf3 0-0 17. exf6 Bxf6 18. Qc2 Bd7 19. Bd3 Qe7 20. Qf2 Qg7 21. Bc5 Rfe8 22. Rad1 b5 23. Bd6 Na5 24. Ne5 Nb7 25. Nxd7 Nxd6 26. Nxf6+ Qxf6 27. Rfe1 Rab8 28. g3 Qd8 29. Qe2 b4 30. Qg4 Qf6 31. cxb4 Rxb4 32. b3 a5 33. Bc2 Kf7 34. Qh3 Kg8 35. Qf1 Qc3 36. Bb1 a4 37. Qa6 Qc5+ 38. Kg2 axb3 39. axb3 Rxb3 40. Rd2 Qb6 41. Qa2 Nc4 42. Rde2 Ra3 43. Qc2 Ne3+ 0-1

[Event "Reykjavik op"]
[Site "Reykjavik"]
[Date "2024.03.17"]
[Round "4"]
[White "Stefansson, Hannes"]
[Black "Stanford, Sheila Barth"]
[Result "1-0"]
[WhiteElo "2481"]
[BlackElo "2123"]
[PlyCount "55"]
[EventDate "2024.03.15"]
[EventType "swiss"]
[EventRounds "9"]
[EventCountry "ISL"]
[SourceTitle "CBM 219 Extra"]
[Source "ChessBase"]
[SourceDate "2024.05.31"]
[SourceVersion "1"]
[SourceVersionDate "2024.05.31"]
[SourceQuality "1"]

1. e4 c5 2. Nf3 d6 3. d4 cxd4 4. Nxd4 Nf6 5. Nc3 a6 6. h3 e5 7. Nf3 Be7 8. g4 h6 9. Rg1 b5 10. g5 hxg5 11. Nxg5 Bb7 12. Qf3 Nc6 13. Be3 Nd4 14. Qd1 d5 15. Nxd5 Nxd5 16. exd5 Bxd5 17. Bxd4 exd4 18. Qxd4 Qa5+ 19. c3 0-0-0 20. Be2 Qc7 21. a4 Bf6 22. Qg4+ Kb8 23. Kf1 Rhe8 24. Rg3 Rxe2 25. Kxe2 Bc4+ 26. Ke1 Qe5+ 27. Qe4 Bxg5 28. Qxe5+ 1-0

[Event "Reykjavik op"]
[Site "Reykjavik"]
[Date "2024.03.16"]
[Round "3"]
[White "Stanford, Sheila Barth"]
[Black "Schmidt, Florian Pascal"]
[Result "1-0"]
[WhiteElo "2123"]
[BlackElo "1947"]
[PlyCount "63"]
[EventDate "2024.03.15"]
[EventType "swiss"]
[EventRounds "9"]
[EventCountry "ISL"]
[SourceTitle "CBM 219 Extra"]
[Source "ChessBase"]
[SourceDate "2024.05.31"]
[SourceVersion "1"]
[SourceVersionDate "2024.05.31"]
[SourceQuality "1"]

1. e4 c6 2. d4 d5 3. exd5 cxd5 4. Bd3 Nc6 5. c3 Nf6 6. Bf4 g6 7. Qc2 Bg7 8. Nf3 Bd7 9. 0-0 0-0 10. Nbd2 Rc8 11. Qb1 Na5 12. Ne5 Be8 13. h3 Nd7 14. Ndf3 Nc4 15. Qc2 Ncxe5 16. dxe5 Nc5 17. Rfd1 Ba4 18. b3 Bd7 19. Nd4 Nxd3 20. Rxd3 b5 21. Qd2 Re8 22. Re1 Qb6 23. b4 e6 24. Bh6 Bh8 25. Qf4 Qc7 26. Rf3 f6 27. exf6 Qxf4 28. Rxf4 Kf7 29. Nf3 Bxf6 30. Bg5 Rxc3 31. Bxf6 Rc2 32. Ne5+ 1-0

[Event "Calvia Amateur op 19th"]
[Site "Calvia"]
[Date "2022.10.15"]
[Round "8"]
[White "Borovnica, Tihomir"]
[Black "Stanford, Sheila Barth"]
[Result "1/2-1/2"]
[WhiteElo "2159"]
[BlackElo "2098"]
[PlyCount "70"]
[EventDate "2022.10.08"]
[EventType "swiss"]
[EventRounds "9"]
[EventCountry "ESP"]
[SourceTitle "CBM 210 Extra"]
[Source "ChessBase"]
[SourceDate "2022.11.30"]
[SourceVersion "1"]
[SourceVersionDate "2022.11.30"]
[SourceQuality "1"]

1. d4 Nf6 2. c4 g6 3. Nc3 d5 4. cxd5 Nxd5 5. e4 Nxc3 6. bxc3 Bg7 7. Nf3 c5 8. Rb1 0-0 9. Be2 Nc6 10. d5 Ne5 11. Nxe5 Bxe5 12. Qd2 Qc7 13. f4 Bg7 14. 0-0 c4 15. Ba3 Re8 16. Kh1 Bd7 17. e5 Bf8 18. g4 Rad8 19. Bf3 Bc6 20. Qg2 Bxd5 21. Bxd5 Qa5 22. Bxc4 Qxa3 23. e6 fxe6 24. Bxe6+ Kg7 25. f5 Rd6 26. Rxb7 Qxc3 27. Rxa7 Rd2 28. Qe4 Kh8 29. Ra8 Qc7 30. Rf2 Qc1+ 31. Kg2 Rxf2+ 32. Kxf2 Qd2+ 33. Kg3 Qc3+ 34. Kg2 Qd2+ 35. Kg3 Qc3+ 1/2-1/2

[Event "Olympiad Women-44"]
[Site "Chennai"]
[Date "2022.08.03"]
[Round "6.2"]
[White "Munkhzul, Turmunkh"]
[Black "Stanford, Sheila Barth"]
[Result "1/2-1/2"]
[WhiteElo "2277"]
[BlackElo "2097"]
[PlyCount "124"]
[EventDate "2022.07.29"]
[EventType "team-swiss"]
[EventRounds "11"]
[EventCountry "IND"]
[SourceTitle "CBM 210"]
[Source "ChessBase"]
[SourceDate "2022.10.31"]
[SourceVersion "1"]
[SourceVersionDate "2022.10.31"]
[SourceQuality "1"]
[WhiteTeam "Mongolia (W)"]
[BlackTeam "Norway (W)"]
[WhiteTeamCountry "MGL"]
[BlackTeamCountry "NOR"]

1. e4 c5 2. Nf3 e6 3. d4 cxd4 4. Nxd4 Nc6 5. Nc3 Qc7 6. Be3 a6 7. Qd2 Nf6 8. 0-0-0 Be7 9. f3 b5 10. g4 Nxd4 11. Bxd4 Bb7 12. g5 Nh5 13. Be5 Qxe5 14. Qxd7+ Kf8 15. Qxb7 Bxg5+ 16. Kb1 Qb8 17. Rd7 Qxb7 18. Rxb7 Bf6 19. a4 Bxc3 20. bxc3 bxa4 21. Bxa6 g5 22. Bb5 Kg7 23. Rg1 h6 24. c4 Rhb8 25. Rxb8 Rxb8 26. Ka2 Nf4 27. Re1 Ng6 28. Ka3 Ne5 29. Rf1 Rc8 30. Kb4 a3 31. c5 a2 32. Ra1 Rb8 33. c4 Nd3+ 34. Kc3 Nxc5 35. Rxa2 Kf6 36. Ra7 g4 37. fxg4 Nxe4+ 38. Kd4 Nd2 39. h3 Rd8+ 40. Ke3 Nb3 41. Rc7 h5 42. Ba4 Nd4 43. c5 hxg4 44. hxg4 Ra8 45. Bd7 Ke5 46. c6 Ra3+ 47. Kd2 Kd6 48. Rc8 Ra6 49. Rf8 Nxc6 50. Bxc6 Rxc6 51. Rxf7 Rc4 52. Rg7 Ke5 53. Kd3 Ra4 54. Rg6 Ra3+ 55. Ke2 Kf4 56. Kf2 e5 57. Rf6+ Kxg4 58. Ke2 Ra4 59. Ke3 Rf4 60. Rxf4+ exf4+ 61. Kf2 f3 62. Kf1 Kg3 1/2-1/2

[Event "Olympiad Women-44"]
[Site "Chennai"]
[Date "2022.08.02"]
[Round "5.3"]
[White "Vidic, Teja"]
[Black "Stanford, Sheila Barth"]
[Result "1/2-1/2"]
[WhiteElo "2099"]
[BlackElo "2097"]
[PlyCount "73"]
[EventDate "2022.07.29"]
[EventType "team-swiss"]
[EventRounds "11"]
[EventCountry "IND"]
[SourceTitle "CBM 210"]
[Source "ChessBase"]
[SourceDate "2022.10.31"]
[SourceVersion "1"]
[SourceVersionDate "2022.10.31"]
[SourceQuality "1"]
[WhiteTeam "Slovenia (W)"]
[BlackTeam "Norway (W)"]
[WhiteTeamCountry "SLO"]
[BlackTeamCountry "NOR"]

1. e4 c5 2. Nf3 g6 3. c3 d5 4. e5 Bg4 5. d4 Bxf3 6. Qxf3 Nc6 7. Bb5 e6 8. 0-0 Rc8 9. Bf4 Bg7 10. dxc5 Nge7 11. Nd2 0-0 12. Rfe1 a5 13. Nb3 Qc7 14. Qe2 Ra8 15. a4 Nb8 16. h4 Nd7 17. Bxd7 Qxd7 18. h5 Rfb8 19. Qd2 b5 20. cxb6 Rxb6 21. Nd4 Nf5 22. Nxf5 exf5 23. b4 axb4 24. cxb4 Rxa4 25. Rxa4 Qxa4 26. Qxd5 Qxb4 27. Rd1 gxh5 28. Be3 Rb8 29. e6 Qe7 30. Qxf5 Qxe6 31. Qxh5 h6 32. Bf4 Rb2 33. Be3 Qg6 34. Qf3 Rb1 35. Rxb1 Qxb1+ 36. Kh2 Qg6 37. g3 1/2-1/2

[Event "Olympiad Women-44"]
[Site "Chennai"]
[Date "2022.08.01"]
[Round "4.2"]
[White "Silva Rosas, Natalia"]
[Black "Stanford, Sheila Barth"]
[Result "0-1"]
[WhiteElo "1780"]
[BlackElo "2097"]
[PlyCount "118"]
[EventDate "2022.07.29"]
[EventType "team-swiss"]
[EventRounds "11"]
[EventCountry "IND"]
[SourceTitle "CBM 210"]
[Source "ChessBase"]
[SourceDate "2022.10.31"]
[SourceVersion "1"]
[SourceVersionDate "2022.10.31"]
[SourceQuality "1"]
[WhiteTeam "Uruguay (W)"]
[BlackTeam "Norway (W)"]
[WhiteTeamCountry "URU"]
[BlackTeamCountry "NOR"]

1. e4 c5 2. Nf3 e6 3. d3 Nc6 4. g3 d5 5. Qe2 Nf6 6. Bg2 Be7 7. 0-0 0-0 8. e5 Nd7 9. c4 d4 10. Nbd2 a6 11. h4 Rb8 12. Re1 Re8 13. Nb3 Nf8 14. h5 Bd7 15. Bf4 b5 16. Nbd2 bxc4 17. Nxc4 Nb4 18. a3 Nd5 19. Bc1 Bb5 20. Nfd2 Nd7 21. Qg4 Bxc4 22. dxc4 N5b6 23. Be4 Qc7 24. f4 Na4 25. Rb1 Red8 26. h6 g6 27. Bc2 Nab6 28. b3 d3 29. Bd1 Nf8 30. Bb2 a5 31. a4 Nc8 32. Bf3 Na7 33. Be4 Nc6 34. Re3 Nd4 35. Bxd3 Nc2 36. Rf3 Nb4 37. Bxg6 fxg6 38. Ne4 Rd3 39. Nf6+ Bxf6 40. exf6 Qd7 41. f7+ Kxf7 42. Rbf1 Rxf3 43. Qxf3 Qd3 44. Qg2 Rd8 45. g4 Qe3+ 46. Qf2 Qxf2+ 47. Rxf2 Rd1+ 48. Rf1 Rxf1+ 49. Kxf1 Nd7 50. Ke2 e5 51. Bc1 Ke6 52. Be3 Nc6 53. Kd3 exf4 54. Bxf4 Nde5+ 55. Ke4 Nxg4 56. Kf3 Kf5 57. Bd6 Nd4+ 58. Kg3 Nxb3 59. Bf4 Ne5 0-1

[Event "Online Olym Div Top-B"]
[Site "Chess.com INT"]
[Date "2020.08.22"]
[Round "6.3"]
[White "Haast, Anne"]
[Black "Stanford, Sheila Barth"]
[Result "1-0"]
[WhiteElo "2318"]
[BlackElo "2164"]
[PlyCount "97"]
[EventDate "2020.08.21"]
[EventType "team-tourn (rapid)"]
[EventRounds "9"]
[EventCountry "USA"]
[SourceTitle "CBM 198"]
[Source "ChessBase"]
[SourceDate "2020.10.31"]
[SourceVersion "1"]
[SourceVersionDate "2020.10.31"]
[SourceQuality "1"]
[WhiteTeam "Netherlands"]
[BlackTeam "Norway"]
[WhiteTeamCountry "NED"]
[BlackTeamCountry "NOR"]

1. e4 c5 2. Nf3 d6 3. d4 cxd4 4. Nxd4 Nf6 5. Nc3 a6 6. Be3 e5 7. Nb3 Be6 8. f3 Be7 9. Qd2 h5 10. a4 Nbd7 11. a5 Rc8 12. Be2 Nc5 13. Nxc5 dxc5 14. Qxd8+ Bxd8 15. Kf2 Nd7 16. Rhd1 Nb8 17. Nd5 Nc6 18. Bxc5 Nxa5 19. b4 Nc6 20. b5 Nd4 21. Bxd4 exd4 22. bxa6 bxa6 23. Rxa6 Rxc2 24. Rxd4 0-0 25. Ke1 Bg5 26. f4 Bxd5 27. fxg5 Be6 28. Rd2 Rc5 29. h4 Re5 30. Rd4 f5 31. Rxe6 Rxe6 32. Bc4 Rfe8 33. Rd6 Kf7 34. e5 g6 35. Kd2 R8e7 36. Kd3 Re8 37. Kd4 R8e7 38. Bxe6+ Rxe6 39. Kd5 Re8 40. e6+ Kf8 41. Ke5 f4 42. Kf6 f3 43. gxf3 Kg8 44. e7 Kh8 45. Rd8 Kh7 46. Kf7 Rf8+ 47. exf8N+ Kh8 48. Nxg6+ Kh7 49. Rh8# 1-0

[Event "Online Olym Div2 D"]
[Site "Chess.com INT"]
[Date "2020.08.16"]
[Round "9.3"]
[White "Atalik, Ekaterina"]
[Black "Stanford, Sheila Barth"]
[Result "0-1"]
[WhiteElo "2453"]
[BlackElo "2164"]
[PlyCount "128"]
[EventDate "2020.08.14"]
[EventType "team-tourn (rapid)"]
[EventRounds "9"]
[EventCountry "USA"]
[SourceTitle "CBM 198"]
[Source "ChessBase"]
[SourceDate "2020.10.31"]
[SourceVersion "1"]
[SourceVersionDate "2020.10.31"]
[SourceQuality "1"]
[WhiteTeam "Turkey"]
[BlackTeam "Norway"]
[WhiteTeamCountry "TUR"]
[BlackTeamCountry "NOR"]

1. d4 Nf6 2. Nf3 g6 3. g3 b6 4. Bg2 Bb7 5. 0-0 Bg7 6. c4 0-0 7. Nc3 Ne4 8. Nxe4 Bxe4 9. Bf4 c5 10. Be5 Bxe5 11. dxe5 Nc6 12. Qd2 Rc8 13. Qe3 Bxf3 14. Bxf3 Nd4 15. Rad1 d6 16. Bg4 Rc7 17. Qh6 f5 18. exf6 Rxf6 19. e3 Nf5 20. Bxf5 gxf5 21. Qh4 Qf8 22. Rd5 e5 23. Qh5 Rh6 24. Qf3 Rg7 25. Rfd1 Rgg6 26. R5d2 Qe7 27. Qxf5 Rg5 28. Qe4 Rgh5 29. h4 Rg6 30. Kf1 Kg7 31. b3 Qd7 32. Ke2 Kh6 33. Rd5 Qe7 34. Qd3 Qe6 35. Rxd6 e4 36. Qd2 Qg4+ 37. Ke1 Rxh4 38. Rxg6+ hxg6 39. Qe2 Rh1+ 40. Kd2 Qd7+ 41. Kc2 Rxd1 42. Qxd1 Qf5 43. Qe2 Qf6 44. Qf1 Qf3 45. Kd2 Qf5 46. Qh1+ Kg7 47. Ke2 Qe5 48. Qh4 Qb2+ 49. Kf1 Qxa2 50. Qe7+ Kh6 51. Qxe4 Qxb3 52. g4 Qd1+ 53. Kg2 Qd7 54. Qf4+ Kg7 55. Qe5+ Kh7 56. Kg3 a5 57. f4 a4 58. f5 gxf5 59. gxf5 Qg7+ 60. Kf4 Qxe5+ 61. Kxe5 a3 62. f6 a2 63. Ke6 a1Q 64. f7 Kg7 0-1